[Event "GER MS-223 email"]
[Site "GER email"]
[Date "2015.07.27"]
[Round "?"]
[White "Giesel, Mario"]
[Black "Maetzig, Ralf"]
[Result "1/2-1/2"]
[WhiteElo "1985"]
[BlackElo "2082"]
[PlyCount "59"]
[EventDate "2015.08.07"]
[EventType "tourn (corr)"]
[EventRounds "6"]
[EventCountry "GER"]
[SourceTitle "Corr 2020"]
[Source "ChessBase"]
[SourceDate "2019.09.30"]
[SourceVersion "1"]
[SourceVersionDate "2019.09.30"]
[SourceQuality "1"]

1. d4 Nf6 2. c4 e6 3. Nc3 Bb4 4. e3 0-0 5. Nge2 d5 6. a3 Bd6 7. c5 Be7 8. b4 b6 9. Nf4 c6 10. Na4 Nbd7 11. Nd3 Qc7 12. Be2 a5 13. Bb2 Ba6 14. 0-0 Bb5 15. Nc3 Bc4 16. Qc2 Rfb8 17. Rfb1 g6 18. Nd1 axb4 19. axb4 Qb7 20. f3 Rxa1 21. Rxa1 Ne8 22. N1f2 bxc5 23. dxc5 Bf6 24. f4 Bxb2 25. Qxb2 h5 26. Bf3 Ra8 27. h3 Rxa1+ 28. Qxa1 Qa6 29. Qxa6 Bxa6 30. g4 1/2-1/2

[Event "GER MS-223 email"]
[Site "GER email"]
[Date "2015.07.27"]
[Round "?"]
[White "Roeckendorf, Paul Uwe"]
[Black "Giesel, Mario"]
[Result "1/2-1/2"]
[WhiteElo "2063"]
[BlackElo "1985"]
[PlyCount "51"]
[EventDate "2015.08.07"]
[EventType "tourn (corr)"]
[EventRounds "6"]
[EventCountry "GER"]
[SourceTitle "Corr 2020"]
[Source "ChessBase"]
[SourceDate "2019.09.30"]
[SourceVersion "1"]
[SourceVersionDate "2019.09.30"]
[SourceQuality "1"]

1. e4 d6 2. d4 Nf6 3. Nc3 e5 4. Nf3 Nbd7 5. Bc4 Be7 6. 0-0 0-0 7. Re1 c6 8. a4 a5 9. h3 Nb6 10. Ba2 Nfd7 11. Be3 exd4 12. Bxd4 Nc5 13. Bxc5 dxc5 14. Qe2 Qd6 15. Rad1 Qg6 16. Kf1 Qh6 17. Qd2 Qxd2 18. Nxd2 Rd8 19. Nc4 Nxc4 20. Rxd8+ Bxd8 21. Bxc4 Bc7 22. e5 Bf5 23. Ne4 Bxe5 24. Nxc5 Bf6 25. Nxb7 Bxc2 26. b3 1/2-1/2

[Event "GER MS-222 email"]
[Site "GER email"]
[Date "2015.07.17"]
[Round "?"]
[White "Giesel, Mario"]
[Black "Tassone, Raffaele"]
[Result "1/2-1/2"]
[WhiteElo "1985"]
[BlackElo "1929"]
[PlyCount "78"]
[EventDate "2015.07.24"]
[EventType "tourn (corr)"]
[EventRounds "6"]
[EventCountry "GER"]
[SourceTitle "Corr 2020"]
[Source "ChessBase"]
[SourceDate "2019.09.30"]
[SourceVersion "1"]
[SourceVersionDate "2019.09.30"]
[SourceQuality "1"]

1. d4 Nf6 2. c4 e6 3. Nc3 Bb4 4. e3 0-0 5. Bd3 d5 6. Nf3 c5 7. 0-0 Nc6 8. a3 Bxc3 9. bxc3 dxc4 10. Bxc4 Qc7 11. Bb2 e5 12. Be2 Rd8 13. Qc2 Bg4 14. h3 Bh5 15. Rae1 e4 16. Nd2 Bxe2 17. Rxe2 cxd4 18. cxd4 Rac8 19. Qb1 Qe7 20. Rc1 Rc7 21. Nc4 Nd5 22. Ne5 Rdc8 23. Rec2 f5 24. Qa2 Qe6 25. Qb3 b6 26. Qa4 Nxe5 27. dxe5 Rxc2 28. Rxc2 Rxc2 29. Qxc2 a6 30. a4 b5 31. axb5 axb5 32. Qc5 b4 33. Qa5 Kf7 34. Qa7+ Qe7 35. Qa6 Nc7 36. Qc4+ Ne6 37. Bd4 Qc7 38. Qb3 Qa5 39. Kh2 h5 1/2-1/2

[Event "GER MS-222 email"]
[Site "GER email"]
[Date "2015.07.17"]
[Round "?"]
[White "Schneider, Karl"]
[Black "Giesel, Mario"]
[Result "1/2-1/2"]
[WhiteElo "2131"]
[BlackElo "1985"]
[PlyCount "39"]
[EventDate "2015.07.24"]
[EventType "tourn (corr)"]
[EventRounds "6"]
[EventCountry "GER"]
[SourceTitle "Corr 2020"]
[Source "ChessBase"]
[SourceDate "2019.09.30"]
[SourceVersion "1"]
[SourceVersionDate "2019.09.30"]
[SourceQuality "1"]

1. d4 d5 2. c4 e6 3. Nf3 Nf6 4. g3 dxc4 5. Bg2 a6 6. 0-0 Nc6 7. Bg5 h6 8. Bxf6 Qxf6 9. e3 e5 10. Qa4 b5 11. Qd1 Rb8 12. Nc3 Bd6 13. Nd2 Ne7 14. b3 exd4 15. Nde4 Qe6 16. exd4 cxb3 17. d5 Qd7 18. Nxd6+ cxd6 19. axb3 0-0 20. Qd2 1/2-1/2